| 000 | 00890nam0a22002651 4500 | ||
|---|---|---|---|
| 001 | RU\NLR\INFOCOMM_161\5000068065 | ||
| 005 | 20250613093458.0 | ||
| 035 | _a(NLR Aleph) 009203649 | ||
| 090 |
_a8705578 _c8705578 |
||
| 100 | _a20100430d1972 |||y0rusy50 ca | ||
| 101 | 1 |
_aspa _crus |
|
| 102 | _aRU | ||
| 105 | _aa ||||000|y | ||
| 200 | 1 |
_aAccionamientos eléctricos _fM. Chilikin _gTrad. del ruso por el ing. José Puig Torres |
|
| 210 |
_aΜ. _cMir _d1972 |
||
| 215 |
_a481 с. _cил. _d22 см |
||
| 300 | _aДоп. тит. л. на рус. яз.: М. Г. Чиликин. Общий курс электропривода | ||
| 686 |
_aЗ291я73-1 _2rubbk |
||
| 700 | 1 |
_9z01790 _aČilikin _bM. G. _f1909- _gMichail Grigor'evič _4070 |
|
| 790 | 1 |
_9z01700 _aChilikin _bM. _4070 |
|
| 801 | 1 |
_aRU _bNLR _c20100430 |
|
| 801 | 0 |
_aRU _bNLR _gPSBO |
|
| 852 |
_aNLR _jТ21 Д-5/53 |
||
| 942 | _cBOOK | ||
| 980 | _aNB | ||